000 00712nas a2200229 4500
001 BR2013005620
003 BR-BrBNA
005 20231205122642.0
007 ta
008 230509b bl.|||p| |||| 00| 00por d
040 _aBR-BrBNA
_bpor
_cBiblioteca Nacional de Agricultura
041 _a(En)
072 _aL40; L72
100 1 _aSilva, L.F. da
100 1 _aThomé, J.W.
245 1 _aMacrocyclis peruvianus (Gastropda, Acavidae), an endemic land snail from Chile
650 _aCARACOL
650 _aANATOMIA ANIMAL
773 0 _tIlheringia. Série Zoologia (Brazil)
_xISSN 0073-4721
_g(Jun 2009), v. 99(2) p. 125-128
_wBR2013005620
909 _a202311
_bLúcia
_c55
_dLúcia Elande
942 _2AGRIS
_n0
_cANA
999 _c229803
_d229803